الوسيط في التشريعات الاجتماعية / (Record no. 23442)

MARC details
000 -الفاتح
حقل البيانات ثابتة الطول 02100nam a22002775a 4500
003 - محدد رقم الضبط
رقم الضبط OSt
005 - وقت وتاريخ اخر تعامل مع التسجيلة
رقم الضبط 20170216145551.0
008 - عناصر البيانات ثابتة الطول - معلومات عامة
حقل البيانات ثابتة الطول 161204s2009 ua frb 000 0 ara d
040 ## - مصدر الفهرسة
وكالة الفهرسة الأصلية EG-ScBUE
لغة الفهرسة ara
وكالة النسخ EG-ScBUE
082 04 - رقم تصنيف ديوى العشرى
رقم التصنيف 344
رقم المادة ب ر ع
رقم الطبعة 22
100 1# - المدخل الرئيسى - إسم شخصى
الإسم الشخصى برعي، أحمد حسن.
245 12 - بيان العنوان
العنوان الوسيط في التشريعات الاجتماعية /
بيان المسئوليه,etc أحمد حسن البرعي، رامي أحمد البرعي.
260 ## - PUBLICATION, DISTRIBUTION, ETC. (IMPRINT)
مكان الناشر او الموزع القاهرة :
اسم الناشر او الموزع دار النهضة العربية،
تاريخ النشر أو التوزيع 2009.
300 ## - الوصف المادى
التعداد 6 مج. ؛
أبعاد الوعاء 24 سم.
504 ## - تبصرة ببليوجرافية
تبصرة ببليوجرافية,الخ يشتمل على إرجاعات ببليوجرافية.
505 0# - تبصرة محتويات-الفهرس
تبصرة المحتويات المصاغة مج. 1. الثورة الصناعية وآثارها الاجتماعية والقانونية -- مج. 2. شرح عقد العمل الفردي وفقا لأحكام القانون 12 لسنة 2003 -- مج. 3. النقابات العمالية : مبدأ الحرية النقابية وفقا لمستويات العمل الدولية والعربية، تاريخ الحركة النقابية في مصر والعالم العربي ، شرح القانون النقابي في مصر والعالم العربي -- مج. 4. الحوار الاجتماعي : مبدأ الثلاثية - التشاور والتعاون - المفاوضة الجماعية - عقد العمل المشترك -- مج. 5. تشريعات التعاون : الأفكار والتجارب التعاونية - النظام القانوني للجمعية التعاونية -- مج. 6. التأمينات الاجتماعية.
650 #7 - المدخل الاضافى بالموضوع-مصطلح موضوعى
مصطلح موضوعي أو اسم جغرافي كعنصر مدخل العمل والعمال
التقسيم الفرعي العام قوانين وتشريعات.
مصدر الرأس أو المصطلح BUEsh
9 (RLIN) 10938
650 #7 - المدخل الاضافى بالموضوع-مصطلح موضوعى
مصطلح موضوعي أو اسم جغرافي كعنصر مدخل النقابات العمالية
التقسيم الفرعي العام قوانين وتشريعات.
مصدر الرأس أو المصطلح BUEsh
650 #7 - المدخل الاضافى بالموضوع-مصطلح موضوعى
مصطلح موضوعي أو اسم جغرافي كعنصر مدخل التشريعات الاجتماعية.
مصدر الرأس أو المصطلح BUEsh
9 (RLIN) 15252
650 #7 - المدخل الاضافى بالموضوع-مصطلح موضوعى
مصطلح موضوعي أو اسم جغرافي كعنصر مدخل التأمين الاجتماعي
التقسيم الفرعي العام قوانين وتشريعات.
مصدر الرأس أو المصطلح BUEsh
9 (RLIN) 20366
650 #7 - المدخل الاضافى بالموضوع-مصطلح موضوعى
مصطلح موضوعي أو اسم جغرافي كعنصر مدخل الجمعيات التعاونية
التقسيم الفرعي العام قوانين وتشريعات.
مصدر الرأس أو المصطلح BUEsh
651 ## - المدخل الاضافى بالموضوع - اسم جغرافى
مصدر الرأس أو المصطلح BUEsh
653 ## - مصطلح تكشيفى غير مقيد
Resource For college Law
Arrived date list December2016
-- February2017
700 1# - المدخل الاضافى - اسم شخصى
الإسم الشخصى برعي، رامي أحمد.
942 ## - عناصر المدخل الإضافي( كوها)
مصدر التصنيف او مخطط الترفيف Dewey Decimal Classification
Holdings
حالة التراجع حالة الفقد مصدر التصنيف او خطة الترفيف حالة تلف ليس للاعارة مجموعات كوها المكان الدائم المكان الحالي موقع الترفيف تاريخ الاكتساب Source of acquisition سعر الشراء الطبيعي تعداد مسلسل / التسلسل الزمني رقم الاستدعاء الباركود Date last seen التكلفة تبصرة غير عامة( المفوع للعناصر المفقوده) نوع الوعاء تبصرة عامة مُعار Date last checked out
    Dewey Decimal Classification     دار النهضة العربية Central Library Central Library First floor 04/12/2016 Purchase 700.00 2815 344 ب ر ع 000040209 15/07/2025 875.00 السعر شامل ل 6 مجلدات Book - Borrowing مج. 1    
    Dewey Decimal Classification     دار النهضة العربية Central Library Central Library First floor 04/12/2016 Purchase 700.00 2815 344 ب ر ع 000040210 06/04/2026 875.00 السعر شامل ل 6 مجلدات Book - Borrowing مج. 2 02/04/2026  
    Dewey Decimal Classification     دار النهضة العربية Central Library Central Library First floor 04/12/2016 Purchase 700.00 2815 344 ب ر ع 000040211 15/07/2025 875.00 السعر شامل ل 6 مجلدات Book - Borrowing مج. 3    
    Dewey Decimal Classification     دار النهضة العربية Central Library Central Library First floor 04/12/2016 Purchase 700.00 2815 344 ب ر ع 000040212 15/07/2025 875.00 السعر شامل ل 6 مجلدات Book - Borrowing مج. 1    
    Dewey Decimal Classification     دار النهضة العربية Central Library Central Library First floor 04/12/2016 Purchase 700.00 2815 344 ب ر ع 000040213 15/07/2025 875.00 السعر شامل ل 6 مجلدات Book - Borrowing مج. 2 03/05/2023  
    Dewey Decimal Classification     دار النهضة العربية Central Library Central Library First floor 16/02/2017 Purchase 700.00 2815 344 ب ر ع 000041164 15/07/2025 875.00 السعر شامل ل 6 مجلدات Book - Borrowing مج. 3    
    Dewey Decimal Classification     دار النهضة العربية Central Library Central Library First floor 16/02/2017 Purchase 700.00 2815 344 ب ر ع 000041169 15/07/2025 875.00 السعر شامل ل 6 مجلدات Book - Borrowing مج. 4    
    Dewey Decimal Classification     دار النهضة العربية Central Library Central Library First floor 16/02/2017 Purchase 700.00 2815 344 ب ر ع 000041170 15/07/2025 875.00 السعر شامل ل 6 مجلدات Book - Borrowing مج. 4    
    Dewey Decimal Classification     دار النهضة العربية Central Library Central Library First floor 16/02/2017 Purchase 700.00 2815 344 ب ر ع 000041171 15/07/2025 875.00 السعر شامل ل 6 مجلدات Book - Borrowing مج. 5    
    Dewey Decimal Classification     دار النهضة العربية Central Library Central Library First floor 16/02/2017 Purchase 700.00 2815 344 ب ر ع 000041172 15/07/2025 875.00 السعر شامل ل 6 مجلدات Book - Borrowing مج. 5    
    Dewey Decimal Classification     دار النهضة العربية Central Library Central Library First floor 16/02/2017 Purchase 700.00 2815 344 ب ر ع 000041173 22/01/2026 875.00 السعر شامل ل 6 مجلدات Book - Borrowing مج. 6 22/01/2026 21/02/2026
    Dewey Decimal Classification     دار النهضة العربية Central Library Central Library First floor 16/02/2017 Purchase 700.00 2815 344 ب ر ع 000041174 15/07/2025 875.00 السعر شامل ل 6 مجلدات Book - Borrowing مج. 6